| 000 | 00940nac a22003011u 4500 | ||
|---|---|---|---|
| 003 | EG-ScBUE | ||
| 005 | 20220620103723.0 | ||
| 008 | 200219s2004 enka f 000 0 eng d | ||
| 020 | _a0521536642 | ||
| 020 | _a9780521536646 | ||
| 040 |
_aEG-ScBUE _beng _erda _cEG-ScBUE _dEG-ScBUE |
||
| 082 | 0 | 4 |
_a428.6 _bMAL _222 |
| 100 | 1 |
_aMaley, Alan, _d1937- _eauthor. _938490 |
|
| 245 | 1 | 2 |
_aA tangled web / _cAlan Maley. |
| 264 | 1 |
_aCambridge : _bCambridge University Press, _c2004. |
|
| 300 |
_a96 pages : _billustrations ; _c20 cm. |
||
| 336 |
_2rdacontent _atext _btxt |
||
| 337 |
_2rdamedia _aunmediated _bn |
||
| 338 |
_2rdacarrier _avolume _bnc |
||
| 490 | 0 |
_aCambridge English readers ; _vlevel 5 |
|
| 650 | 7 |
_aReaders for new literates. _2BUEsh |
|
| 650 | 7 |
_aReaders (Adult) _2BUEsh |
|
| 650 | 7 |
_aHigh interest-low vocabulary books. _2BUEsh |
|
| 651 | _2BUEsh | ||
| 653 | _bHHUUEENN | ||
| 655 |
_vReading book _934232 |
||
| 942 |
_cBB _2ddc |
||
| 999 |
_c3283 _d3283 |
||